Statistiques concernant Rois et Reines du Portugal

Cliquez ici pour prendre le quiz!

Statistiques générales

  • Ce quiz a été pris 23 fois
  • Le résultat moyen est 8 sur 18

Statistiques - réponses

Nom% Correct
Jean
85%
Charles
80%
Louis
70%
Philippe
70%
Henri
65%
Marie
65%
Pierre
65%
Alphonse
60%
Ferdinand
55%
Sebastien
35%
Manuel
30%
Sanche
30%
Edouard
25%
Joseph
25%
Michel
25%
Béatrice
20%
Denis
20%
Antoine
15%

Distribution des résultats

Percentile par nombre de réponses

% des personnes avec chaque résultat

Votre développement - résultats

Vous n’avez pas pris ce quiz